000 00604pam a2200229 a 4500
001 951761
005 20180117032955.0
008 840613s1985 dcu b 001 0 eng
010 _a 84014205
020 _a0871873060 (pbk.) :
_c$9.95
040 _aDLC
_cDLC
_dDLC
041 _aeng
043 _an-us---
080 _a363.70560973 ROS
082 0 0 _a363.70560973 ROS
_219
100 1 _a19
101 _aPOL
245 1 0 _aEnvironmental politics and policy /
_cWalter A. Rosenbaum.
504 _aBibliography: p. 315.
906 _a7
_bcbc
_corignew
_d1
_eocip
_f19
_gy-gencatlg
942 _2ddc
_cBK
999 _c40389
_d40389